<?xml version="1.0" encoding="UTF-8"?>
<record
    xmlns:xsi="http://www.w3.org/2001/XMLSchema-instance"
    xsi:schemaLocation="http://www.loc.gov/MARC21/slim http://www.loc.gov/standards/marcxml/schema/MARC21slim.xsd"
    xmlns="http://www.loc.gov/MARC21/slim">

  <leader>03515nam a2200409 a 4500</leader>
  <controlfield tag="003">CHAP</controlfield>
  <controlfield tag="005">20250618113340.0</controlfield>
  <controlfield tag="007">ta</controlfield>
  <controlfield tag="008">250611s2022    mx adeofsm||| 001 0 spa d</controlfield>
  <datafield tag="040" ind1=" " ind2=" ">
    <subfield code="e">rda</subfield>
  </datafield>
  <datafield tag="041" ind1=" " ind2=" ">
    <subfield code="a">spa</subfield>
    <subfield code="b">eng</subfield>
  </datafield>
  <datafield tag="100" ind1="1" ind2=" ">
    <subfield code="a">Ram&#xED;rez Tlatelpa, Andros</subfield>
    <subfield code="9">190609</subfield>
  </datafield>
  <datafield tag="245" ind1="1" ind2="0">
    <subfield code="a">Aprovechamiento eficiente de la merma en el &#xE1;rea de recepci&#xF3;n en la planta INLEDESA, Alpura /</subfield>
    <subfield code="c">Andros Ram&#xED;rez Tlatelpa</subfield>
  </datafield>
  <datafield tag="264" ind1=" " ind2=" ">
    <subfield code="a">Chapingo, M&#xE9;xico :</subfield>
    <subfield code="b">El autor,</subfield>
    <subfield code="c">2025</subfield>
  </datafield>
  <datafield tag="300" ind1=" " ind2=" ">
    <subfield code="a">1 recurso en l&#xED;nea (45 p&#xE1;ginas) :</subfield>
    <subfield code="b">ilustraciones, tablas, graficas, planos, fotograf&#xED;as</subfield>
  </datafield>
  <datafield tag="336" ind1=" " ind2=" ">
    <subfield code="2">rdacontent</subfield>
    <subfield code="a">texto</subfield>
    <subfield code="b">txt</subfield>
  </datafield>
  <datafield tag="337" ind1=" " ind2=" ">
    <subfield code="2">rdamedia</subfield>
    <subfield code="a">computadora</subfield>
    <subfield code="b">c</subfield>
  </datafield>
  <datafield tag="338" ind1=" " ind2=" ">
    <subfield code="2">rdacarrier</subfield>
    <subfield code="a">recurso en l&#xED;nea</subfield>
    <subfield code="b">cr</subfield>
  </datafield>
  <datafield tag="502" ind1=" " ind2=" ">
    <subfield code="a">Informe de Estancia Preprofesional</subfield>
    <subfield code="b">IA</subfield>
    <subfield code="c">Agroindustrias</subfield>
    <subfield code="d">2025</subfield>
    <subfield code="g">LIC</subfield>
  </datafield>
  <datafield tag="504" ind1=" " ind2=" ">
    <subfield code="a">Bibliograf&#xED;a: p&#xE1;gina 37 </subfield>
  </datafield>
  <datafield tag="505" ind1="0" ind2=" ">
    <subfield code="a">2 planos : --
1. Diagrama de flujo. --
2. Plano de distribuci&#xF3;n de equipo</subfield>
  </datafield>
  <datafield tag="520" ind1="3" ind2=" ">
    <subfield code="a">La empresa INDUSTRIALIZADORA DE LECHE DE DELICIAS S.A.P.I DE C.V. se dedica a la producci&#xF3;n de leche UHT, media crema, leche evaporada y leche en polvo. Toda empresa en su proceso de producci&#xF3;n presenta mermas en el procesamiento de la materia prima, lo que representa una p&#xE9;rdida econ&#xF3;mica millonaria para la empresa. El proyecto se realiz&#xF3; con el objetivo de implementar las bases para el desarrollo de un plan de acci&#xF3;n que permita disminuir las mermas y optimizar el recurso, mediante la identificaci&#xF3;n de puntos que contribuyen a la merma y su cuantificaci&#xF3;n, enfocada &#xFA;nicamente en el &#xE1;rea de recepci&#xF3;n. La merma se identific&#xF3; principalmente en los lavados de los equipos ubicados en el &#xE1;rea, donde algunos de ellos se consideran &#xE1;reas de oportunidad. La sugerencia que se propone es la aplicaci&#xF3;n de empujes con agua en las l&#xED;neas antes de cada lavado de los equipos, lo que disminuir&#xED;a la perdida de leche de $7,438,583.38 hasta $3,323,623.00 por a&#xF1;o.</subfield>
  </datafield>
  <datafield tag="520" ind1="3" ind2=" ">
    <subfield code="a">The company INDUSTRIALIZADORA DE LECHE DE DELICIAS S.A.P.I DE C.V. It is dedicated to the production of UHT milk, half cream, evaporated milk and powdered milk and like any company in its production process there is a loss in the production of raw materials that represents a million-dollar loss for the company. The project was carried out with the objective of implementing the bases for the development of an action plan to reduce waste and optimize the resource, by identifying the points that contribute to waste and its quantification, focused solely on the area of reception. The loss was identified mainly in the washing of equipment located in the area, where some of it is considered areas of opportunity. The suggestion is to apply water boosts to the lines before each equipment wash, which reduces milk loss from $7,438,583.38 to $3,323,623.00 per year.</subfield>
  </datafield>
  <datafield tag="650" ind1="1" ind2="3">
    <subfield code="a">Reducci&#xF3;n de desechos</subfield>
    <subfield code="2">atg</subfield>
    <subfield code="9">190615</subfield>
  </datafield>
  <datafield tag="650" ind1="1" ind2="3">
    <subfield code="a">Leche</subfield>
    <subfield code="2">atg</subfield>
    <subfield code="9">65357</subfield>
  </datafield>
  <datafield tag="650" ind1="1" ind2="3">
    <subfield code="a">Desechos del procesado de alimentos</subfield>
    <subfield code="2">atg</subfield>
    <subfield code="9">190610</subfield>
  </datafield>
  <datafield tag="650" ind1="1" ind2="3">
    <subfield code="a">Desechos org&#xE1;nicos</subfield>
    <subfield code="2">atg</subfield>
    <subfield code="9">190612</subfield>
  </datafield>
  <datafield tag="650" ind1="1" ind2="3">
    <subfield code="a">Milk  </subfield>
    <subfield code="2">atg</subfield>
    <subfield code="9">147069</subfield>
  </datafield>
  <datafield tag="650" ind1="1" ind2="3">
    <subfield code="a">Food processing wastes</subfield>
    <subfield code="2">atg</subfield>
    <subfield code="9">190611</subfield>
  </datafield>
  <datafield tag="650" ind1="1" ind2="3">
    <subfield code="a">Organic wastes</subfield>
    <subfield code="2">atg</subfield>
    <subfield code="9">190613</subfield>
  </datafield>
  <datafield tag="650" ind1="1" ind2="3">
    <subfield code="a">Waste reduction</subfield>
    <subfield code="2">atg</subfield>
    <subfield code="9">190616</subfield>
  </datafield>
  <datafield tag="700" ind1="1" ind2=" ">
    <subfield code="a">Espejel Garc&#xED;a, Anastacio</subfield>
    <subfield code="9">147446</subfield>
    <subfield code="e">director</subfield>
  </datafield>
  <datafield tag="700" ind1="1" ind2=" ">
    <subfield code="a">Sandoval Castilla, Ofelia</subfield>
    <subfield code="9">151810</subfield>
    <subfield code="e">asesora</subfield>
  </datafield>
  <datafield tag="700" ind1="1" ind2=" ">
    <subfield code="a">Barrera Rodr&#xED;guez, Adriana Isabel</subfield>
    <subfield code="9">161577</subfield>
    <subfield code="e">asesora</subfield>
  </datafield>
  <datafield tag="856" ind1="4" ind2="0">
    <subfield code="y">DESCARGAR PDF</subfield>
    <subfield code="u">http://10.13.5.2/tesis/tl/1912013-3_RAMIREZ_TLATELPA_ANDROS.pdf</subfield>
  </datafield>
  <datafield tag="942" ind1=" " ind2=" ">
    <subfield code="2">Clasificaci&#xF3;n Universidad Aut&#xF3;noma Chapingo</subfield>
    <subfield code="c">TD</subfield>
  </datafield>
  <datafield tag="999" ind1=" " ind2=" ">
    <subfield code="c">220588</subfield>
    <subfield code="d">220588</subfield>
  </datafield>
  <datafield tag="952" ind1=" " ind2=" ">
    <subfield code="0">0</subfield>
    <subfield code="1">0</subfield>
    <subfield code="2">local</subfield>
    <subfield code="4">0</subfield>
    <subfield code="7">0</subfield>
    <subfield code="8">TesDigL</subfield>
    <subfield code="a">IA_</subfield>
    <subfield code="b">IA_</subfield>
    <subfield code="c">E_L</subfield>
    <subfield code="d">2025-06-11</subfield>
    <subfield code="e">El autor</subfield>
    <subfield code="l">0</subfield>
    <subfield code="p">1201015541</subfield>
    <subfield code="r">2025-06-11 11:09:53</subfield>
    <subfield code="w">2025-06-11</subfield>
    <subfield code="y">TD</subfield>
  </datafield>
  <datafield tag="952" ind1=" " ind2=" ">
    <subfield code="0">0</subfield>
    <subfield code="1">0</subfield>
    <subfield code="2">local</subfield>
    <subfield code="4">0</subfield>
    <subfield code="5">1</subfield>
    <subfield code="7">0</subfield>
    <subfield code="8">TesDigL</subfield>
    <subfield code="a">BD</subfield>
    <subfield code="b">BD</subfield>
    <subfield code="c">E_L</subfield>
    <subfield code="d">2025-06-16</subfield>
    <subfield code="l">0</subfield>
    <subfield code="o">Tesis digital</subfield>
    <subfield code="r">2025-06-16 12:32:56</subfield>
    <subfield code="w">2025-06-16</subfield>
    <subfield code="y">TD</subfield>
  </datafield>
</record>
